000 00909nam a22002417a 4500
005 20240530110442.0
008 150421s2011 ua k f b 000 0 ara d
017 _a2011/1740
_bمصر . دار الكتب المصرية
020 _a9772328216
040 _aEG-CaGPL
082 0 4 _221
_a745.66/
_bف ش
100 0 _aفاطمةالزهراء كمال رشوان
245 1 2 _aالشعار فى الفن التشكيلى /
_cفاطمةالزهراء كمال رشوان
250 _aط1
260 _aالقاهرة :
_bعالم الكتب ،
_c2011 .
300 _a104 ص :
_bايض ؛
_c24 سم +
_eملاحق
504 _aيشتمل على ارجاعات ببليوجرافية
650 0 4 _aالشعارات
_xتصميم
650 0 4 _aالفنون التشكيلية
650 0 4 _aالعلامات والرموز
_xتصميم
942 _2ddc
_cBK
999 _c61066
_d61066